Élimination par catégorie - états des Etats-Unis #1 - Statistiques

Statistiques générales
  • Ce quiz a été pris 2 072 fois
  • Le résultat moyen est 9 sur 16
Statistiques - réponses
Groupe # Categorie % Correct
Vert 34 États commençant par une lettre entre D et T
99%
Vert 20 ... avec une population inférieure à 6 000 000 d'habitants
91%
Jaune 41 États avec une superficie supérieure à 10 000 mi2 (= 26 000 km2)
80%
Bleu 28 États avec une voyelle dans son abréviation en 2 caractères
74%
Jaune 17 ... sans accès à la mer
73%
Jaune 8 ...dont la capitale n'est pas la ville la plus peuplée
61%
Bleu 11 ...avec une densité inférieure à 25 habitants au kilomètre carré
59%
Rose 27 États dont le fond du drapeau est bleu
59%
Rose 12 ...contenant au maximum 7 lettres
55%
Vert 3 ... dont la ville la plus peuplée commence par un P ou un B
46%
Bleu 5 ...possédant une équipe dans un sport majeur
42%
Rose 6 ...où la peine de mort est encore en vigueur
35%
Jaune 1 ...dont le point culminant dépasse 4000m d'altitude Nevada
32%
Bleu 1 ...ayant accueilli les jeux olympiques Utah
22%
Vert 1 ...et qui a fait partie des Treize Colonies (avec son nom actuel et indépendamment d'un autre état) Rhode Island
18%
Rose 1 ...qui borde un des Grands Lacs Indiana
13%
Aucun quiz correspondant
Distribution des résultats
% des personnes avec chaque résultat
Percentile par nombre de réponses
Votre historique - résultats
Vous n’avez pas pris ce quiz